The works of Thomas Carlyle (Sartor Resartus -past and present- The Diamond Necklace - Mirabeau)

Colección de obras de Carlyle que contienen diversos de sus más conocidos ensayos y novelas. La primera como una novela que gira entorno al punto de vista (comentario) de un filósofo alemán llamado Diogenes Teufelsdröckh, tocando temas como la crisis de fe. “Past and present” es un ensayo donde trab...

Volledige beschrijving

Bewaard in:
Bibliografische gegevens
Hoofdauteur: Carlyle, Thomas
Formaat: Boek
Taal:Undetermined
Gepubliceerd in: New York, Estados Unidos John B. Alden 1885
Onderwerpen:
Tags: Voeg label toe
Geen labels, Wees de eerste die dit record labelt!

MARC

LEADER 00000nam a2200000Ia 4500
008 170316s9999 xx 000 0 und d
040 |a cru BVZT 
090 |a 820 C-3w 
100 |a Carlyle, Thomas 
245 4 |a The works of Thomas Carlyle (Sartor Resartus -past and present- The Diamond Necklace - Mirabeau) 
260 |a New York, Estados Unidos 
260 |b John B. Alden 
260 |c 1885 
300 |a 151 páginas 
520 |a Colección de obras de Carlyle que contienen diversos de sus más conocidos ensayos y novelas. La primera como una novela que gira entorno al punto de vista (comentario) de un filósofo alemán llamado Diogenes Teufelsdröckh, tocando temas como la crisis de fe. “Past and present” es un ensayo donde trabaja más la temática de la crítica social de la inglaterra industrializada. “The Diamond Necklace” contiene ensayos más narrativos, descriptivos y dramáticos . 
650 |a LITERATURA INGLESA  |9 12 
999 |c 6796  |d 6796 
942 |c 15 D  |h 820 C-3w  |2 z